Normal view
MARC view
- مناهج البحث - الآداب
Entry Topical Term
001 - CONTROL NUMBER
- control field: 57312
003 - CONTROL NUMBER IDENTIFIER
- control field: JO-AjAnu
005 - DATE AND TIME OF LATEST TRANSACTION
- control field: 20230606083403.0
008 - FIXED-LENGTH DATA ELEMENTS
- fixed length control field: 230606|| aca||aabn | a|a d
040 ## - CATALOGING SOURCE
- Original cataloging agency: JO-AjAnu
- Transcribing agency: JO-AjAnu
150 ## - HEADING--TOPICAL TERM
- Topical term or geographic name entry element: مناهج البحث - الآداب
670 ## - SOURCE DATA FOUND
- Source citation: Work cat.: (JO-AjAnu)29241: تأليف: جيدير، ماثيو ؛ ترجمة ملكة ابيض, author 57311, منهجية البحث: دليل الباحث المبتدىء في الآداب واللغات والعلوم الانسانية والاجتماعية =Methodologie de la recherche